[Event "Europe vs Americas"]
[Site "Mermaid Beach"]
[Date "1998.01.26"]
[Round "1"]
[White "Ippolito, Dean"]
[Black "Gormally, Daniel"]
[Result "1/2-1/2"]
[WhiteElo "2435"]
[BlackElo "2415"]

1.d4 Nf6 2.c4 g6 3.Nf3 Bg7 4.g3 O-O 5.Bg2 d6 6.Nc3 c5 7.d5 Bf5 8.Nh4 Bd7
9.O-O Na6 10.e4 e5 11.dxe6 Bxe6 12.b3 Nc7 13.Bb2 Rb8 14.Qd2 b5 15.cxb5 Nxb5
16.Nxb5 Rxb5 17.Rfd1 Qc8 18.Qe2 Rb6 19.Rac1 Re8 20.Qd2 Qa6 21.Bc3 Nd7  1/2-1/2

[Event "Europe vs Americas"]
[Site "Mermaid Beach"]
[Date "1998.01.28"]
[Round "3"]
[White "Ippolito, Dean"]
[Black "Georgiev, Vladimir"]
[Result "0-1"]
[WhiteElo "2435"]
[BlackElo "2565"]

1.d4 Nf6 2.c4 d6 3.Nf3 g6 4.g3 Bg7 5.Bg2 O-O 6.O-O c6 7.Nc3 Qa5 8.e4 e5 9.h3 Nbd7
10.Re1 exd4 11.Nxd4 Ne5 12.Bf1 Re8 13.Be3 c5 14.Nb3 Qb4 15.Bg5 Be6 16.a3 Qb6
17.Nd5 Nxd5 18.exd5 Bd7 19.a4 f5 20.Bd2 Nf7 21.Qc2 Rxe1 22.Bxe1 Ng5 23.Bc3 Bxc3
24.Qxc3 Ne4 25.Qc2 Qb4 26.Nc1 Re8 27.Nd3 Qd2 28.Qb3 b6 29.a5 f4 30.g4 bxa5
31.Rd1 a4 32.Qb7 Qxd1 33.Qxd7 Kf8 34.Nxf4 Qf3 35.Nd3 Qf7 36.Qxa4 Nd2 37.Bg2 Nf3+
38.Kf1 Nd4 39.b4 Qe7 40.Kg1 Qe2 41.Bf1 Qe4 42.Qd1 Nf3+ 43.Kh1 Ne5+ 44.f3 Nxd3  0-1

[Event "Pobeskydi"]
[Site "Frydek-Mistek"]
[Date "1998.01.29"]
[Round "9"]
[White "Vavrak, Peter"]
[Black "Neumann, Peter"]
[Result "1/2-1/2"]
[WhiteElo "2210"]
[BlackElo "2365"]

1.d4 Nf6 2.Nf3 g6 3.g3 Bg7 4.Bg2 O-O 5.c4 d6 6.O-O c6 7.Nc3 Qa5 8.e4 Bg4
9.Be3 Qh5 10.Bc1 e5 11.Qd3 Nfd7 12.dxe5 dxe5 13.Nh4 g5 14.Nf5 Bxf5 15.exf5 f6
16.Ne4  1/2-1/2

[Event "CZE-chT 9798"]
[Site "CZE"]
[Date "1998.02.08"]
[Round "7"]
[White "Cech, Pavel"]
[Black "Jansa, Vlastimil"]
[Result "0-1"]
[WhiteElo "2360"]
[BlackElo "2480"]

1.d4 d6 2.c4 g6 3.Nf3 Bg7 4.g3 Nf6 5.Bg2 O-O 6.O-O c6 7.Nc3 Bf5 8.Ne1 Qd7
9.e4 Bh3 10.f4 Na6 11.Nf3 Bxg2 12.Kxg2 c5 13.d5 Nc7 14.a4 e6 15.e5 Nfe8 16.Be3 Rd8
17.Qb3 b6 18.Rad1 f6 19.a5 Rb8 20.axb6 axb6 21.exd6 Nxd6 22.Rfe1 e5 23.Bc1 b5
24.cxb5 Ncxb5 25.Nxb5 Rxb5 26.Qc2 e4 27.Nd2 f5 28.b3 Rfb8 29.Bb2 Bxb2 30.Qxb2 c4
31.Re3 Rxd5 32.Rc1 Qa7 33.Nf1 Rd3 34.Qe5 Nf7  0-1

[Event "Malaga op"]
[Site "Malaga"]
[Date "1998.02.13"]
[Round "1"]
[White "Schmidt, Peter"]
[Black "Del Rey, Diego"]
[Result "0-1"]
[WhiteElo "2410"]
[BlackElo "2350"]

1.Nf3 Nf6 2.d4 g6 3.c4 Bg7 4.g3 O-O 5.Bg2 d6 6.O-O c6 7.Nc3 Bf5 8.Nd2 e5
9.d5 cxd5 10.Nxd5 Nxd5 11.cxd5 Na6 12.e4 Bd7 13.b3 Nb4 14.Nc4 Bb5 15.a3 Na6
16.Be3 Bxc4 17.bxc4 Qc7 18.Rc1 Nc5 19.Rb1 b6 20.Qd2 Rac8 21.Rfc1 f5 22.exf5 gxf5
23.Bh6 e4 24.Bf1 Rce8 25.Qf4 Re7 26.Re1 Kh8 27.Bxg7+ Rxg7 28.Qe3 Nd7 29.Kh1 Ne5
30.Rec1 Qf7 31.Be2 Qf6 32.Qf4 Rc8 33.a4 Rcc7 34.Rb4  0-1

[Event "AUT-chT3 9798"]
[Site "Vorarlberg "]
[Date "1998.02.13"]
[Round "8"]
[White "Kranz, Armin"]
[Black "Gehrmann, Holger"]
[Result "0-1"]
[WhiteElo "2100"]
[BlackElo "2009"]

1.d4 Nf6 2.Nf3 g6 3.c4 Bg7 4.g3 O-O 5.Bg2 d6 6.O-O c5 7.Nc3 Nc6 8.dxc5 dxc5
9.Bf4 Nh5 10.Be3 Qa5 11.Bd2 Qb4 12.Na4 Qxc4 13.b3 Qd5 14.Rc1 b6 15.Ne1 Qd7
16.b4 Ba6 17.bxc5 Nd4 18.Nd3 Nxe2+ 19.Qxe2 Bxd3 20.Qd1 Bxf1 21.c6 Qd6 22.Kxf1 Rac8
23.Be3 Qb4 24.Qb3 Qa5 25.Nc3 Be5 26.Nb5 Rfd8 27.f4 Bc7 28.Nxc7 Rxc7 29.Ke2 Nf6
30.Rd1 Rxd1 31.Kxd1 Rc8 32.Bf3 Qa6 33.Ke1 h5 34.h3 Qa5+ 35.Ke2 e6 36.g4 hxg4
37.hxg4 Nd5 38.Bd2 Qa6+ 39.Kf2 Rxc6 40.f5 Qc4  0-1

[Event "CZE-chT 9798"]
[Site "CZE"]
[Date "1998.03.08"]
[Round "9"]
[White "Cesal, Jaroslav"]
[Black "Znamenacek, Kvetoslav"]
[Result "1-0"]
[WhiteElo "2320"]
[BlackElo "2325"]

1.d4 Nf6 2.c4 g6 3.Nf3 Bg7 4.g3 O-O 5.Bg2 d6 6.O-O c5 7.dxc5 dxc5 8.Nc3 Nc6
9.Be3 Be6 10.Qa4 Nd4 11.Bxd4 cxd4 12.Nb5 Nd7 13.Rfd1 Nb6 14.Qb4 a5 15.Qe1 Bxc4
16.Nfxd4 Qb8 17.Na3 Rc8 18.b3 Bd5 19.e4 Bc6 20.Rac1 a4 21.b4 Bxd4 22.Rxd4 e5
23.Rdd1 Rd8 24.Qe3 Rxd1+ 25.Rxd1 Qc7 26.Qc5 Rc8 27.Rc1 Qd8 28.Qxe5 Qd2 29.Qc3 Qxa2
30.Ra1 Qe6 31.Qd4 Be8 32.e5 Nd7 33.f4 Qb6 34.Qxb6 Nxb6 35.Rd1 Bc6 36.Bh3 Ra8
37.b5 Be8 38.Rd6 Nc8 39.Rd8 Nb6 40.Rxa8 Nxa8 41.Bg2 Nc7 42.b6 Na8 43.Nc4 a3
44.Nxa3 Nxb6 45.Bxb7 Ba4 46.Kf2 Bb3 47.Nb5 Bc4 48.Nd6 Be6 49.Ne4 h6 50.Ke3 Kf8
51.Kd4 Ke7 52.Bc6 Bh3 53.Nf6 h5 54.Kc5 Nc8 55.Bb7 Kd8 56.Nh7 Be6 57.Ng5 Ba2
58.e6 fxe6 59.Nf7+ Ke8 60.Ne5 Ne7 61.Be4 Nf5 62.Nxg6 Ng7 63.Kd6 Kf7 64.Ne5+ Kf6
65.Nd7+ Kf7 66.Ke5 Bb3 67.Nc5 Bd1 68.Nxe6 Nxe6 69.Bd5 Bg4 70.f5 h4 71.Bxe6+ Kf8
72.f6 Be2 73.g4  1-0

[Event "Budapest FS03 IM"]
[Site "Budapest"]
[Date "1998.03.12"]
[Round "6"]
[White "Goczo, Melinda"]
[Black "Kahn, Evarth"]
[Result "1/2-1/2"]
[WhiteElo "2170"]
[BlackElo "2330"]

1.d4 Nf6 2.Nf3 g6 3.g3 Bg7 4.Bg2 d6 5.c4 O-O 6.O-O c6 7.Nc3 Qa5 8.e4 Bg4
9.h3 Bxf3 10.Bxf3 Nfd7 11.Bg2 Qb4 12.Qd3 e5 13.d5 Nb6 14.b3 cxd5 15.Nxd5 Nxd5
16.Qxd5 Nc6 17.Qd3 Nd4 18.Be3 a5 19.Bxd4 exd4 20.a4 Ra6 21.Rab1 Qc3 22.Rfd1 Rb6
23.Bf1 Rc8 24.Qxc3 dxc3 25.Bd3 Bh6 26.f4 g5 27.f5 Bg7 28.Bc2 Be5 29.Kf2 f6
30.Rd5 Ra6 31.Rbd1 Kf7 32.Rb5 b6 33.Rbd5 Ke7 34.R5d3 Kd7 35.Rd5 Kc7 36.R1d3 Raa8
37.Rd1 h5 38.Kg2 Re8 39.R5d3 Kc6 40.Rd5 h4 41.g4 Bf4 42.R1d4 Rad8 43.Kf3 Re7
44.Rd3 Bd2 45.R3d4 Kc7 46.Bd3 Bf4 47.Bc2 Rde8 48.Bb1 Be5 49.Rd3 Kb7 50.Bc2 Rc8
51.Ke2 Rc6 52.Bb1 Rec7 53.Bc2 Kc8 54.Rb5 Kb7 55.Rbd5 Rc5 56.Kd1 Kc6 57.Ke2 Rxd5
58.Rxd5 Bf4 59.Bd3 Re7 60.Bc2 Re5 61.Kd3 Bd2 62.Rxe5 dxe5 63.Bd1 Kc5 64.Bc2 Kb4
65.Bd1 Be1 66.Kc2 Bd2 67.Kd3 Kc5 68.Bc2  1/2-1/2

[Event "POL-ch"]
[Site "Ksiaz"]
[Date "1998.03.14"]
[Round "3"]
[White "Sapis, Witalis"]
[Black "Markowski, Tomasz"]
[Result "1/2-1/2"]
[WhiteElo "2375"]
[BlackElo "2505"]

1.d4 d6 2.g3 g6 3.Bg2 Bg7 4.Nf3 Nf6 5.c4 O-O 6.O-O Nc6 7.Nc3 Rb8 8.b3 a6
9.Bb2 b5 10.cxb5 axb5 11.Rc1 b4 12.Na4 Na7 13.Qc2 c6 14.Ne1 Qa5 15.Nd3 Bf5
16.Qd2 Qb5 17.Rfd1 Be6 18.Rc2 h5 19.Qe1 h4 20.Nf4 Bd7 21.e4 Nh5 22.Nd3 Be6
23.Qe3 Rb7 24.e5 Kh7 25.Bf1 Bh6 26.f4 Bg4 27.Nf2 Bxd1 28.Bxb5 Bxc2 29.Ba6 Rbb8
30.d5 hxg3 31.hxg3 c5 32.Nh3 Bf5 33.Ng5+ Bxg5 34.fxg5 Nb5 35.Bxb5 Rxb5 36.Qe2 c4
37.g4 Bxg4 38.Qxg4 c3 39.Bc1 Rxd5 40.Nb6 Rxe5 41.Nd7 Re1+ 42.Kf2 Rxc1 43.Nxf8+ Kg7
44.Qc8 c2 45.Nd7 Kh7 46.Nf8+ Kg7 47.Nd7 Kh7 48.Nf8+  1/2-1/2

[Event "JUG-ch53"]
[Site "Belgrade "]
[Date "1998.03.15"]
[Round "2"]
[White "Damljanovic, Branko"]
[Black "Markovic, Miroslav"]
[Result "1/2-1/2"]
[WhiteElo "2540"]
[BlackElo "2540"]

1.Nf3 Nf6 2.c4 g6 3.d4 Bg7 4.g3 O-O 5.Bg2 d6 6.O-O Nc6 7.Nc3 Bg4 8.d5 Na5
9.Nd2 c5 10.Qc2 a6 11.h3 Bd7 12.b3 b5 13.Bb2 Rb8 14.Nd1 e5 15.e3 Nh5 16.g4 Nf6
17.Bc3 Ne8 18.f4 f5 19.gxf5 gxf5 20.fxe5 dxe5 21.cxb5 axb5 22.Nf2 b4 23.Bb2 Bb5
24.Rfe1 Rc8 25.Nd3 Bxd3 26.Qxd3 e4 27.Qc2 Qxd5 28.Rad1 Qf7 29.Kh1 Bxb2 30.Qxb2 Qf6
31.Qxf6 Rxf6 32.Bf1 Nd6 33.Rc1 Kg7 34.Rc2 Re6 35.Rec1 Re5 36.Be2 Kf6 37.Kh2 Rd5
38.Nf1 Ke5 39.Kg3 Nf7 40.Kf2 Ng5 41.h4 Ne6 42.Nd2 Rcd8 43.Nc4+ Nxc4 44.Bxc4 Rd2+
45.Ke1 Rxc2 46.Rxc2 Nd4 47.exd4+ cxd4 48.Bf1 d3 49.Rc5+ Rd5 50.Rc4 Ra5 51.Bxd3 exd3
52.Kd2 Rxa2+ 53.Kxd3 Rh2 54.Rxb4 Rh3+ 55.Ke2 f4 56.Rb8  1/2-1/2

[Event "Budapest FS03 IM"]
[Site "Budapest"]
[Date "1998.03.16"]
[Round "10"]
[White "Goczo, Melinda"]
[Black "Karatorossian, David"]
[Result "1-0"]
[WhiteElo "2170"]
[BlackElo "2375"]

1.d4 Nf6 2.Nf3 g6 3.g3 Bg7 4.c4 O-O 5.Bg2 d6 6.O-O c6 7.Nc3 Qa5 8.e4 Qh5
9.e5 dxe5 10.Nxe5 Ng4 11.Nxg4 Bxg4 12.Qb3 Bxd4 13.Qxb7 Nd7 14.Bf4 e5 15.Be3 Rab8
16.Qxc6 Rxb2 17.Nd5 Kg7 18.Nf4 Qf5 19.Bxd4 exd4 20.f3 Bh5 21.Qd6 Ne5 22.Rae1 Re8
23.Qxd4 Qf6 24.Nxh5+ gxh5 25.Qxb2 Nxf3+ 26.Bxf3 Qxb2 27.Rxe8 Qd4+ 28.Rf2 Qxc4
29.Re4 Qc5 30.Rf4 f6 31.Be4 Qe3 32.Kg2 a5 33.Bc6 f5 34.Rxf5 h4 35.Rf7+ Kg6
36.R2f6+ Kg5 37.Rf5+ Kg6 38.R5f6+ Kg5 39.gxh4+ Kxh4 40.Rf4+ Kg5 41.h4+ Kg6
42.Be4+  1-0

[Event "Vorarlberg-ch qual"]
[Site "Hohenems"]
[Date "1998.03.22"]
[Round "3"]
[White "Spiegel, Wilfried"]
[Black "Bezler, Rainer"]
[Result "1/2-1/2"]
[WhiteElo "2024"]
[BlackElo "2174"]

1.d4 Nf6 2.c4 g6 3.Nf3 Bg7 4.g3 O-O 5.Bg2 d6 6.O-O Nbd7 7.Nc3 c6 8.e4 e5
9.h3 a6 10.Be3 b5 11.cxb5 axb5 12.a3 Ba6 13.Re1 Qb8 14.dxe5 dxe5 15.b4 Re8
16.Qb3 Nb6 17.Nd2 Bc8 18.Qb2 Be6 19.Bxb6 Qxb6 20.a4 bxa4 21.Nxa4 Qd4 22.Qxd4 exd4
23.Nc5 Rab8 24.Rab1 Bf8 25.Nf3 Ba2 26.Ra1 Rxb4 27.Nd3 Ra4 28.Nc1 Rea8 29.Rxa2 Rxa2
30.Nxa2 Rxa2 31.Nxd4 Bc5 32.Rd1 Nd7 33.Nxc6 Bxf2+ 34.Kh2 Nf6 35.Nb4 Re2 36.Nd3 Be3
37.Re1 Rxe1 38.Nxe1 Kg7 39.Nc2 Nd7 40.Bf3 h5 41.Kg2 Kf6 42.Kf1 Kg5 43.h4+ Kf6  1/2-1/2

[Event "POL-ch"]
[Site "Ksiaz"]
[Date "1998.03.24"]
[Round "11"]
[White "Grabarczyk, Miroslaw"]
[Black "Kempinski, Robert"]
[Result "1/2-1/2"]
[WhiteElo "2505"]
[BlackElo "2520"]

1.d4 Nf6 2.c4 g6 3.Nf3 Bg7 4.g3 O-O 5.Bg2 d6 6.O-O Nbd7 7.Nc3 e5 8.h3 c6
9.e4 Ne8 10.Bg5 f6 11.Bd2 Qe7  1/2-1/2

[Event "Hampstead GM"]
[Site "Hampstead"]
[Date "1998.03.25"]
[Round "1"]
[White "Bates, Richard"]
[Black "Grivas, Efstratios"]
[Result "0-1"]
[WhiteElo "2430"]
[BlackElo "2495"]

1.d4 Nf6 2.c4 g6 3.Nf3 Bg7 4.g3 O-O 5.Bg2 d6 6.O-O Nc6 7.Nc3 Bf5 8.d5 Na5
9.Nd4 Bd7 10.b3 c5 11.dxc6 bxc6 12.Bb2 Rb8 13.Rb1 Qc8 14.Ba1 Bh3 15.Qd3 Bxg2
16.Kxg2 d5 17.cxd5 cxd5 18.Nf3 Qb7 19.b4 Nc6 20.Nxd5 Nxd5 21.Bxg7 Rfd8 22.b5 Nf4+
23.gxf4 Rxd3 24.bxc6 Qxb1 25.Rxb1 Rxb1 26.exd3 Kxg7 27.Ne5 Rb8 28.d4 e6 29.Nc4 Rc8
30.Na5 Kf6 31.Kf3 Ke7  0-1

[Event "Metz op"]
[Site "Metz"]
[Date "1998.04.09"]
[Round "5"]
[White "Bauer, Christian"]
[Black "Shchekachev, Andrei"]
[Result "1/2-1/2"]
[WhiteElo "2520"]
[BlackElo "2565"]

1.d4 Nf6 2.c4 g6 3.Nf3 Bg7 4.g3 O-O 5.Bg2 d6 6.O-O c6 7.Nc3 Qa5 8.e4 Bg4
9.h3 Bxf3 10.Bxf3 Nbd7 11.Be3 c5 12.a3 cxd4 13.Bxd4 Bh6 14.Nd5 Nxd5 15.cxd5 Bg7
16.b4 Qd8 17.Bxg7 Kxg7 18.Qd4+ Kg8 19.Rfc1 a5 20.Kg2 axb4 21.axb4 Rxa1 22.Rxa1 Qc7
23.Ra3 Ne5 24.Rc3 Nxf3 25.Kxf3 Qd7 26.Kg2  1/2-1/2

[Event "Metz op"]
[Site "Metz"]
[Date "1998.04.10"]
[Round "6"]
[White "Lerner, Konstantin Z"]
[Black "Markowski, Tomasz"]
[Result "1/2-1/2"]
[WhiteElo "2575"]
[BlackElo "2505"]

1.d4 d6 2.Nf3 Nf6 3.c4 g6 4.g3 Bg7 5.Bg2 O-O 6.O-O Nc6 7.Nc3 Rb8 8.d5 Na5
9.Nd2 c6 10.Rb1 cxd5 11.cxd5 Bd7 12.b3 b5 13.Nde4 Nh5 14.Bb2 Qb6 15.e3 b4
16.Ne2 Bb5 17.Re1 Bxb2 18.Rxb2 Bxe2 19.Rexe2 Rbc8 20.Bh3 f5 21.Ng5 Rc3 22.g4 Ng7
23.gxf5 gxf5 24.Bg2 Nb7 25.Rec2 Qc5 26.Rxc3 Qxc3 27.Rc2 Qf6 28.Nh3 Nc5 29.Qd4 Nh5
30.Qxf6 Nxf6 31.Nf4 Kf7 32.Ne2 Rg8 33.Ng3 f4 34.exf4 Nd3 35.Rc4 Rg4 36.Bf1 Nxf4
37.f3 Rh4 38.Nf5 Nh3+ 39.Kg2 Rxc4 40.bxc4 Nf4+ 41.Kf2 Nd7 42.Ke3 Ng6 43.Nd4 Nge5
44.Nc6 Kf6 45.Nxa7 Nc5 46.Be2 b3 47.axb3 Nxb3 48.Nc6 Nc5 49.Kf4 Ncd7 50.Kg3 Nc5
51.Kh4 Ng6+ 52.Kg4 h5+ 53.Kg3 Kg5 54.h4+ Kf6 55.Bd1 e5 56.dxe6 Nxe6 57.Bc2 Ngf4
58.Be4 Ne2+ 59.Kf2 N2f4 60.Nb4 Ke5 61.Nc6+ Kf6 62.Nb4 Ke5 63.Nc2 Nc5 64.Bh7 d5
65.cxd5 Kxd5 66.Ne3+ Ke5 67.Nc4+ Kd4 68.Nd2 Ke5 69.Nf1 Nce6 70.Bg8 Nd4 71.Bh7 Nde6
72.Ng3 Nf8 73.Bc2 N8g6 74.Nf5 Kf6 75.Kg3 Ne2+ 76.Kf2 Nef4  1/2-1/2

[Event "Dreifluesse op"]
[Site "Passau"]
[Date "1998.04.10"]
[Round "2"]
[White "Koch, Harald"]
[Black "Premke, Stefan"]
[Result "1-0"]
[WhiteElo "1860"]
[BlackElo "1478"]

1.c4 Nf6 2.g3 g6 3.Bg2 Bg7 4.d4 O-O 5.Nf3 d6 6.O-O c6 7.Nc3 Nbd7 8.e4 e5
9.d5 cxd5 10.cxd5 Nc5 11.Re1 Bd7 12.b4 Ncxe4 13.Nxe4 Nxe4 14.Rxe4 Bf5 15.Re1 Qb6
16.Be3 Qxb4 17.Rc1 Rac8 18.Qb3 Qa5 19.Nh4 b6 20.Nxf5 gxf5 21.Bh3 Rxc1 22.Rxc1 f4
23.gxf4 Qa6 24.fxe5 Bxe5 25.Bh6 Re8 26.Qc4 Qa5 27.Qc8 Qb5 28.Bd7 Rxc8 29.Rxc8+  1-0

[Event "Vecernjakov GP"]
[Site "Sarajevo"]
[Date "1998.04.10"]
[Round "9"]
[White "Cvitan, Ognjen"]
[Black "Subasic, Ilijas"]
[Result "1/2-1/2"]
[WhiteElo "2560"]
[BlackElo "2285"]

1.d4 Nf6 2.Nf3 g6 3.c4 Bg7 4.g3 O-O 5.Bg2 d6 6.O-O Nc6 7.Nc3 Bg4 8.d5 Na5
9.Nd2 c5 10.Rb1 e5 11.b3 a6 12.Qc2 Rb8 13.e4 Qc8 14.Qd3 Bd7 15.Bb2 Ng4 16.f3 Nh6
17.Ne2 b5 18.Bc3 Nb7 19.f4 f6 20.Rbe1 Nd8 21.Qc2 Ndf7 22.Nc1 b4 23.Bb2 a5
24.Nd3 a4 25.Nf3 Ra8 26.Bc1 axb3 27.axb3 Bh3 28.Bb2 Bxg2 29.Kxg2 Qd7 30.Ra1 Qe7
31.Qe2 Rfe8 32.fxe5 fxe5 33.h3 Rec8 34.Nf2 Qb7 35.h4 Rxa1 36.Rxa1 Ra8 37.Qd1 Kf8
38.g4 Ng8 39.g5 h5 40.Kf1 Ne7 41.Rxa8+ Qxa8 42.Qa1 Qxa1+ 43.Bxa1 Nd8 44.Ke2 Nb7
45.Kd1 Kf7 46.Nd2 Nc8 47.Kc2 Nb6  1/2-1/2

[Event "Dreifluesse op"]
[Site "Passau"]
[Date "1998.04.11"]
[Round "4"]
[White "Gottschlich, Carsten"]
[Black "Hauschild, Helmut"]
[Result "1-0"]
[WhiteElo "2240"]
[BlackElo "2099"]

1.d4 Nf6 2.c4 g6 3.Nf3 Bg7 4.g3 O-O 5.Bg2 d6 6.O-O Nc6 7.Nc3 a6 8.b3 Rb8
9.Bb2 Bd7 10.d5 Na5 11.Nd4 c5 12.dxc6 bxc6 13.Rb1 c5 14.Nc2 Qc8 15.Qd2 Bh3
16.e4 Bxg2 17.Kxg2 Nc6 18.Rfe1 Re8 19.h3 Nd7 20.Nd5 Nde5 21.Bc3 f6 22.f3 Nf7
23.Rh1 Bh6 24.Qe2 Rb7 25.h4 Bg7 26.Rh2 Nfe5 27.Rbh1 e6 28.Nde3 f5 29.f4 Ng4
30.Nxg4 fxg4 31.Bxg7 Rxg7 32.Qxg4 e5 33.Qxc8 Rxc8 34.h5 exf4 35.hxg6 fxg3
36.Rxh7 Rxh7 37.gxh7+ Kh8 38.Kxg3 Rc7 39.Ne3 Nb4 40.Nd5 Nxd5 41.cxd5 Re7
42.Kf4 Rf7+ 43.Kg5 Re7 44.Kf5 Re5+ 45.Kf4 Re8 46.Rh6 Rf8+ 47.Kg5 Re8 48.Re6 Rd8
49.Kh6 a5 50.Rg6 a4 51.e5 axb3 52.axb3 c4 53.bxc4 dxe5 54.d6  1-0

[Event "Dreifluesse op"]
[Site "Passau"]
[Date "1998.04.11"]
[Round "4"]
[White "Just, Joachim"]
[Black "Heika, Martin"]
[Result "0-1"]
[WhiteElo "2078"]
[BlackElo "2285"]

1.Nf3 Nf6 2.d4 g6 3.g3 Bg7 4.Bg2 O-O 5.c4 d6 6.O-O Nbd7 7.Nc3 c6 8.e4 e5
9.h3 Qb6 10.dxe5 dxe5 11.b3 Re8 12.Be3 Qc7 13.Qd2 a5 14.Rfd1 Bf8 15.Qc2 Nc5
16.Rd2 h6 17.Ne1 Be6 18.Rad1 Nfd7 19.f4 exf4 20.gxf4 f5 21.e5 Rad8 22.Nf3 Bf7
23.Nd4 Ne6 24.Nxf5 gxf5 25.Qxf5 Ng7 26.Qc2 Bc5 27.Bxc5 Nxc5 28.Rd6 Rxd6 29.Rxd6 Re6
30.Rxe6 Ncxe6 31.f5 Nd4 32.Qe4 Ndxf5 33.Kh2 Qb6 34.Qf4 Qd4 35.Ne4 Qe3 36.Qg4 h5
37.Qd1 Qf4+ 38.Kg1 Qxe5 39.Qd8+ Kh7 40.Qg5 Qd4+ 41.Kh2 Qe5+ 42.Kg1 Ne6 43.Qc1 Nh4
44.Qf1 Nf4 45.Bh1 Bg6 46.Nf2 Ne2+  0-1

[Event "Budapest FS05 IM"]
[Site "Budapest"]
[Date "1998.05.03"]
[Round "2"]
[White "Farago, Sandor"]
[Black "Toth, Andras"]
[Result "1/2-1/2"]
[WhiteElo "2285"]
[BlackElo "2325"]

1.d4 Nf6 2.Nf3 g6 3.c4 Bg7 4.g3 O-O 5.Bg2 d6 6.Nc3 Nc6 7.O-O a6 8.Qd3 e5
9.d5 Nb8 10.e4 a5 11.Ne1 Na6 12.h3 Nh5 13.Qe2 Qe8 14.Nd3 f5 15.Kh2 Bd7 16.Bd2 Kh8
17.a3 a4 18.Rae1 b6 19.g4 fxg4 20.hxg4 Nf4 21.Bxf4 exf4 22.e5 Bxe5 23.Nxe5 Qxe5
24.Qxe5+ dxe5 25.Rxe5 Rae8 26.Rfe1 Nc5 27.Rxe8 Rxe8 28.Rxe8+ Bxe8 29.Bf1 g5
30.Kg2 Kg7 31.Kf3 h5 32.gxh5 Bxh5+ 33.Kg2 Be8 34.Kf3 Kh6 35.Ke2 g4 36.d6 cxd6
37.Nd5 Kg5 38.Nxb6 Bg6 39.Nc8 Bd3+ 40.Ke1 Bxf1 41.Kxf1 Ne4 42.Nb6 Kh4 43.Nxa4 Nd2+
44.Kg1 Kh3 45.Nc3 Nxc4 46.Nd5 Nxb2 47.Nxf4+ Kh4 48.Nd5 g3  1/2-1/2

[Event "Budapest FS05 IM"]
[Site "Budapest"]
[Date "1998.05.06"]
[Round "5"]
[White "Goczo, Melinda"]
[Black "Farago, Sandor"]
[Result "1-0"]
[WhiteElo "2170"]
[BlackElo "2285"]

1.d4 Nf6 2.Nf3 g6 3.c4 Bg7 4.g3 O-O 5.Bg2 d6 6.O-O c6 7.Nc3 a6 8.e4 b5 9.Qe2 bxc4
10.Qxc4 d5 11.exd5 cxd5 12.Qa4 e6 13.Bf4 Bb7 14.Rfc1 Nc6 15.Rab1 Nd7 16.Qd1 Qe7
17.Qd2 Rfe8 18.Bf1 Nb6 19.b3 Rac8 20.Rb2 f6 21.Be3 Red8 22.Bh3 Rc7 23.Ne2 Nd7
24.Nf4 Nf8 25.Nd3 a5 26.Rbc2 Qd6 27.Bf4 e5 28.dxe5 fxe5 29.Nfxe5 Bxe5 30.Nxe5 Nxe5
31.Rxc7 Nf3+ 32.Kg2 Nxd2 33.Bxd6 Ba8 34.Bxf8 d4+ 35.f3 Rxf8 36.Be6+ Kh8 37.Rc8 Bxf3+
38.Kg1 Rxc8 39.Rxc8+ Kg7 40.Bh3 Ne4 41.Rc7+ Kf6 42.Bg2 Bxg2 43.Kxg2 Nc3 44.Kf3 Nxa2
45.Rc6+ Ke7 46.Rc5 Kd6 47.Rxa5 Nc3 48.Kf2 Nd5 49.Ke2 Ne3 50.Kd3 Nf1 51.Kxd4 Nxh2
52.Ra6+ Kc7 53.Ra7+ Kd6 54.Rxh7 Nf3+ 55.Kc4 Nd2+ 56.Kb4 Ke6 57.Rc7 Ne4 58.g4 Kf6
59.Rc4 Ng3 60.Kc5 Kg5 61.b4 Nf1 62.b5 Ne3 63.b6  1-0

[Event "Budapest FS05 IM"]
[Site "Budapest"]
[Date "1998.05.08"]
[Round "7"]
[White "Farago, Sandor"]
[Black "Gruzmann, Boris"]
[Result "0-1"]
[WhiteElo "2285"]
[BlackElo "2290"]

1.d4 Nf6 2.c4 g6 3.Nf3 Bg7 4.g3 O-O 5.Bg2 d6 6.Nc3 Nc6 7.O-O Bf5 8.Re1 Ne4
9.Nh4 Nxc3 10.bxc3 Bd7 11.Rb1 Rb8 12.Qd3 e5 13.Nf3 e4 14.Qxe4 Bf5 15.Qd5 Bxb1
16.Bg5 Ne7 17.Bxe7 Qxe7 18.Rxb1 Qxe2 19.Rxb7 Qxa2 20.Bf1 Rxb7 21.Qxb7 Qa5
22.Kg2 Qb6 23.Qd5 c5 24.h4 a5 25.h5 a4 26.hxg6 hxg6 27.Bd3 a3 28.Bxg6 Qa7
29.Be4 a2 30.Ng5 Rd8 31.Qf5 Qd7 32.Qh7+ Kf8 33.Bd5 a1=Q 34.Nxf7 Qxf7 35.Bxf7 Kxf7
36.Qh5+ Ke7 37.Qe2+ Kd7 38.Qg4+ Kc7 39.Qxg7+ Rd7 40.Qg4 Rh7  0-1

[Event "Budapest FS05 IM"]
[Site "Budapest"]
[Date "1998.05.11"]
[Round "10"]
[White "Arnold, Ferenc"]
[Black "Goczo, Melinda"]
[Result "1-0"]
[WhiteElo "2315"]
[BlackElo "2170"]

1.d4 Nf6 2.Nf3 g6 3.g3 Bg7 4.Bg2 O-O 5.c4 d6 6.O-O c6 7.Nc3 Qa5 8.h3 e5 9.e4 Qb4
10.dxe5 dxe5 11.Nxe5 Nxe4 12.Nxe4 Bxe5 13.Bh6 Re8 14.Re1 Be6 15.Ng5 Qa5 16.Qb3 Nd7
17.Nxe6 Rxe6 18.Qxb7 Nb6 19.Rad1 f5 20.b4 Qa4 21.Rxe5  1-0

[Event "Boca Juniors op"]
[Site "Buenos Aires"]
[Date "1998.05.11"]
[Round "5"]
[White "Schweber, Samuel"]
[Black "Popov, M."]
[Result "1-0"]
[WhiteElo "2355"]
[BlackElo "2125"]

1.c4 Nf6 2.g3 g6 3.Bg2 Bg7 4.d4 d6 5.Nf3 O-O 6.O-O Nc6 7.d5 Na5 8.Qa4 b6
9.Bd2 Bd7 10.Qc2 Bf5 11.Qc1 Rb8 12.Bc3 e5 13.dxe6 Bxe6 14.Nd4 Bd7 15.Na3 a6
16.b4 Nb7 17.Nc6 Bxc6 18.Bxc6 Qe7 19.Re1 Nd8 20.Bg2 Qd7 21.Qb2 Nh5 22.Bxg7 Nxg7
23.Nc2 Qe6 24.Ne3 Qe5 25.Qxe5 dxe5 26.Nd5 Kh8 27.Nxc7 a5 28.c5 axb4 29.Na6 Nde6
30.Nxb8 Rxb8 31.cxb6 Rxb6 32.Bd5 Nd4 33.Bxf7 Nc2 34.Rac1 Nxe1 35.Rc8+ Ne8
36.Bxe8 Kg7 37.Ba4 Rd6 38.Kf1  1-0

[Event "Budapest FS05 IM"]
[Site "Budapest"]
[Date "1998.05.14"]
[Round "13"]
[White "Goczo, Melinda"]
[Black "Yoos, John C"]
[Result "1/2-1/2"]
[WhiteElo "2170"]
[BlackElo "2365"]

1.d4 Nf6 2.Nf3 g6 3.c4 Bg7 4.g3 O-O 5.Bg2 d6 6.O-O Nc6 7.d5 Na5 8.Nfd2 c5
9.Nc3 a6 10.Qc2 Rb8 11.b3 b5 12.Rb1 Re8 13.h3 Bd7 14.Bb2 bxc4 15.bxc4 e5
16.Ba3 Qc7 17.Kh2 Bh6 18.e3 Rxb1 19.Rxb1 Rb8 20.Bf1 Ne8 21.Rxb8 Qxb8 22.Qb1 Qxb1
23.Ncxb1 f5 24.Bb2 Bg5 25.Bc3 Bd8 26.f3 Ba4 27.Bd3 Kf7 28.Na3 Nf6 29.Kg2  1/2-1/2

[Event "Garcia mem Premier"]
[Site "Santa Clara"]
[Date "1998.05.24"]
[Round "1"]
[White "Vasquez, Rodrigo"]
[Black "Martin del Campo, Roberto"]
[Result "1/2-1/2"]
[WhiteElo "2485"]
[BlackElo "2485"]

1.d4 Nf6 2.c4 d6 3.Nf3 g6 4.g3 Bg7 5.Bg2 O-O 6.O-O c6 7.Nc3 Qa5 8.h3 Qa6
9.b3 b5 10.Nd2 Bb7 11.Bb2 Nbd7 12.e3 e5 13.Qc2 Rfe8 14.Nce4 Bf8 15.dxe5 dxe5
16.Rfd1 Qb6 17.Nxf6+ Nxf6 18.Nf3 Qc5 19.Rac1 b4 20.Ne1 Qe7 21.Nd3 Qc7 22.f4 Nd7
23.Nxe5 Nxe5 24.Bxe5 Rxe5 25.fxe5 Bc5 26.Rd3 Re8 27.Kh1 Qxe5 28.e4 Bd4 29.c5 Ba6
30.Rf3 Bb5 31.Bf1 a6 32.Bc4 Bxc4 33.Qxc4 Re6 34.Qxb4 Rf6 35.Rxf6 Qxe4+ 36.Kh2 Qe2+
37.Kh1 Qe4+  1/2-1/2

[Event "Garcia mem Premier"]
[Site "Santa Clara"]
[Date "1998.05.28"]
[Round "4"]
[White "Rivera, Alberto"]
[Black "Vazquez, Renier"]
[Result "1/2-1/2"]
[WhiteElo "2415"]
[BlackElo "2405"]

1.d4 Nf6 2.c4 g6 3.Nf3 Bg7 4.g3 O-O 5.Bg2 d6 6.Nc3 Nbd7 7.O-O e5 8.h3 Re8
9.e4 exd4 10.Nxd4 a6 11.Be3 Rb8 12.Qc2 c5 13.Nde2 b5 14.cxb5 axb5 15.Nf4 b4
16.Ncd5 Bb7 17.Rad1 Qa5 18.b3 Nxd5 19.Nxd5 Ra8 20.Rd2 Ne5 21.Bf4 Bxd5 22.exd5 Qb5
23.Rc1 h5 24.Qd1 Qd7 25.Re2 Qf5 26.Rcc2 h4 27.Re4 hxg3 28.fxg3 Ra7 29.Qf1 Rea8
30.Qe2 Ra5 31.h4 Qd7 32.h5 gxh5 33.Bxe5 Bxe5 34.Qxh5 Rxa2 35.Rg4+ Kf8 36.Rxa2 Rxa2
37.Qh6+ Ke7 38.Qh4+ Kf8 39.Qh6+ Ke7 40.Rg8 Bd4+ 41.Kh2 Rf2 42.Kh1 Re2 43.Bf3 Qf5
44.Qf8+ Kf6 45.Qxd6+ Re6 46.Qd8+ Re7 47.Qd6+ Re6  1/2-1/2

[Event "Villa Martelli"]
[Site "Villa Martelli"]
[Date "1998.05.28"]
[Round "9"]
[White "Scarella, Enrique"]
[Black "Zarnicki, Pablo"]
[Result "1/2-1/2"]
[WhiteElo "2380"]
[BlackElo "2515"]

1.d4 d6 2.Nf3 g6 3.c4 Bg7 4.g3 Nf6 5.Bg2 O-O 6.O-O Nc6 7.d5 Na5 8.Qa4 c5
9.Bd2 b6 10.Bc3 e5 11.dxe6 fxe6 12.Bxa5 bxa5 13.Nc3 Rb8 14.Qc2 Bb7 15.Rad1 Qe7
16.Ne1 Ng4 17.h3 Nh6 18.b3 Nf5 19.e3 Bh6 20.Qd3 Rbd8 21.Bxb7 Qxb7 22.Ng2 Qf3
23.Qe4 Qxe4 24.Nxe4 a4 25.g4 Ne7 26.Nxd6 axb3 27.axb3 Nc6 28.Nb7 Rb8 29.Nxc5 Rfc8
30.f4 Nd8 31.Nd7 Rxb3 32.Nf6+ Kh8 33.Rd7 Rb7 34.Rfd1 Rxd7 35.Rxd7 Bg7 36.Ne4 Ra8
37.Nd6 Nc6 38.Rc7 Nb4 39.Nb7 Bf8 40.Na5 Bd6 41.Rb7 Nc2 42.Rb2  1/2-1/2

[Event "Garcia mem Premier"]
[Site "Santa Clara"]
[Date "1998.06.01"]
[Round "7"]
[White "Borges Mateos, Juan"]
[Black "Martin del Campo, Roberto"]
[Result "0-1"]
[WhiteElo "2480"]
[BlackElo "2485"]

1.d4 g6 2.c4 Bg7 3.Nf3 d6 4.g3 Nf6 5.Bg2 O-O 6.Nc3 c6 7.e4 a6 8.O-O Nfd7
9.Bg5 h6 10.Be3 b5 11.c5 dxc5 12.dxc5 a5 13.e5 b4 14.Na4 Ba6 15.e6 Bxf1 16.Qxf1 fxe6
17.Rd1 e5 18.Qc4+ Kh7 19.Qh4 e6 20.Bg5 Qe8 21.Be7 Rf5 22.Bd6 Qf7 23.Qe4 Nf6
24.Qe2 Nbd7 25.Nb6 Rd8 26.Nc4 e4 27.Nd4 Nxc5 28.Nxc6 Rc8 29.N6e5 Qe8 30.Bxc5 Rxe5
31.Nxe5 Rxc5 32.Nc4 Qb5 33.b3 Rd5 34.Re1 Rd4 35.Qc2 Qd5 36.h3 h5 37.Kh2 Bh6
38.Kg1 Rd3 39.Qe2 Qd4 40.Kh1 a4 41.Qc2 Rc3 42.Qe2 axb3 43.axb3 Rxb3 44.Bf1 Rc3
45.Rd1 Rd3 46.Rxd3 exd3 47.Qxd3 Qxf2 48.Ne5 Ne4 49.Qxe4 Qxf1+ 50.Kh2 Qf2+  0-1